<?xml version="1.0" encoding="UTF-8"?>
<record
    xmlns:xsi="http://www.w3.org/2001/XMLSchema-instance"
    xsi:schemaLocation="http://www.loc.gov/MARC21/slim http://www.loc.gov/standards/marcxml/schema/MARC21slim.xsd"
    xmlns="http://www.loc.gov/MARC21/slim">

  <leader>03443nam a2200325 i 4500</leader>
  <controlfield tag="001">991061159832406706</controlfield>
  <controlfield tag="005">20250616142215.0</controlfield>
  <controlfield tag="008">240722e202405  spc||||  |||| 0|0 0 spa| </controlfield>
  <datafield tag="015" ind1=" " ind2=" ">
    <subfield code="a">LL2024</subfield>
    <subfield code="2">bnc</subfield>
  </datafield>
  <datafield tag="017" ind1=" " ind2=" ">
    <subfield code="a">DL B 4538-2024</subfield>
    <subfield code="b">Biblioteca de Catalunya</subfield>
  </datafield>
  <datafield tag="020" ind1=" " ind2=" ">
    <subfield code="a">9788419456601</subfield>
  </datafield>
  <datafield tag="040" ind1=" " ind2=" ">
    <subfield code="a">ES-BaBC</subfield>
    <subfield code="b">eng</subfield>
    <subfield code="e">rda</subfield>
    <subfield code="c">ES-BaBC</subfield>
  </datafield>
  <datafield tag="041" ind1="1" ind2=" ">
    <subfield code="a">spa</subfield>
    <subfield code="h">eng</subfield>
  </datafield>
  <datafield tag="100" ind1=" " ind2=" ">
    <subfield code="a">Blake, Matthew</subfield>
    <subfield code="c">(Author of Anna O)</subfield>
    <subfield code="e">author</subfield>
  </datafield>
  <datafield tag="240" ind1="1" ind2="0">
    <subfield code="a">Anna O.</subfield>
    <subfield code="l">Spanish</subfield>
  </datafield>
  <datafield tag="245" ind1="1" ind2="0">
    <subfield code="a">Anna O </subfield>
    <subfield code="c">/ Matthew Blake ; translated from the English by Jofre Homedes Beutnagel</subfield>
  </datafield>
  <datafield tag="250" ind1=" " ind2=" ">
    <subfield code="a">First edition</subfield>
  </datafield>
  <datafield tag="264" ind1=" " ind2="1">
    <subfield code="a">Barcelona :</subfield>
    <subfield code="b">Salamandra,</subfield>
    <subfield code="c">2024</subfield>
  </datafield>
  <datafield tag="300" ind1=" " ind2=" ">
    <subfield code="a">446 pages ;</subfield>
    <subfield code="c">22 cm</subfield>
  </datafield>
  <datafield tag="490" ind1="1" ind2=" ">
    <subfield code="a">Black Salamandra</subfield>
  </datafield>
  <datafield tag="500" ind1=" " ind2=" ">
    <subfield code="a">Original title: Anna O</subfield>
  </datafield>
  <datafield tag="520" ind1=" " ind2=" ">
    <subfield code="a">What if your nightmares weren&#x2019;t really nightmares at all?

We spend an average of thirty-three years of our lives asleep. But what really happens, and what are we capable of, when we are sleeping?

Anna Ogilvy was a budding twenty-five-year-old writer with a bright future. Then, one night, she stabbed two people to death with no apparent motive&#x2014;and she hasn&#x2019;t woken up since. Dubbed &#x201C;Sleeping Beauty&#x201D; by the tabloids, Anna suffers from a rare psychosomatic disorder known to neurologists as &#x201C;resignation syndrome.&#x201D;

Dr. Benedict Prince is a forensic psychologist and an expert in the field of sleep-related homicides. His methods represent the last possible hope of solving the infamous &#x201C;Anna O&#x201D; case by waking Anna up so she can stand trial. But the doctor must be careful treating such a high-profile suspect&#x2014;he&#x2019;s got career secrets and a complicated personal life of his own.

As Anna shows the first signs of stirring, Benedict knows he must determine what really happened and whether Anna should be held responsible for her crimes.

Only Anna knows the truth about that night, but only Benedict knows how to discover it. And they&#x2019;re both in danger from what they will discover.</subfield>
  </datafield>
  <datafield tag="520" ind1=" " ind2=" ">
    <subfield code="a">&#xBF;Y si tus pesadillas no fueran solo sue&#xF1;os?

Pasamos una media de treinta y tres a&#xF1;os de nuestra vida durmiendo. Pero &#xBF;qu&#xE9; ocurre realmente mientras dormimos? &#xBF;De qu&#xE9; somos capaces en ese estado?

Anna Ogilvy ten&#xED;a veinticinco a&#xF1;os, una escritora prometedora con un futuro brillante. Hasta que, una noche, apu&#xF1;al&#xF3; a dos personas hasta matarlas sin un motivo aparente... y desde entonces no ha vuelto a despertar. Apodada por la prensa como &#x201C;La Bella Durmiente&#x201D;, Anna sufre un raro trastorno psicosom&#xE1;tico conocido como s&#xED;ndrome de resignaci&#xF3;n.

El doctor Benedict Prince, psic&#xF3;logo forense y experto en homicidios relacionados con el sue&#xF1;o, representa la &#xFA;ltima esperanza de resolver el infame caso &#x201C;Anna O&#x201D; despert&#xE1;ndola para que pueda ser juzgada. Pero tratar a una sospechosa tan medi&#xE1;tica no ser&#xE1; sencillo: Benedict guarda secretos profesionales y personales que podr&#xED;an arruinar su carrera.

Ahora que Anna empieza a mostrar los primeros signos de consciencia, Benedict sabe que debe descubrir qu&#xE9; ocurri&#xF3; realmente aquella noche... y si Anna es responsable de sus actos.

Solo Anna conoce la verdad. Solo Benedict puede alcanzarla.
Y lo que ambos descubran podr&#xED;a destruirlos.</subfield>
  </datafield>
  <datafield tag="650" ind1=" " ind2="0">
    <subfield code="a">Young women</subfield>
    <subfield code="v">Fiction</subfield>
    <subfield code="9">24099</subfield>
  </datafield>
  <datafield tag="650" ind1=" " ind2="0">
    <subfield code="a">Forensic psychology &#x2013; Fiction</subfield>
    <subfield code="9">25463</subfield>
  </datafield>
  <datafield tag="650" ind1=" " ind2="0">
    <subfield code="a">Sleep disorders</subfield>
    <subfield code="v">Fiction</subfield>
  </datafield>
  <datafield tag="700" ind1=" " ind2=" ">
    <subfield code="a">Homedes, Jofre,</subfield>
    <subfield code="e">translator</subfield>
    <subfield code="9">25464</subfield>
  </datafield>
  <datafield tag="830" ind1=" " ind2="0">
    <subfield code="a">Black Salamandra</subfield>
  </datafield>
  <datafield tag="942" ind1=" " ind2=" ">
    <subfield code="2">lcc</subfield>
  </datafield>
  <datafield tag="952" ind1=" " ind2=" ">
    <subfield code="0">0</subfield>
    <subfield code="1">0</subfield>
    <subfield code="2">lcc</subfield>
    <subfield code="4">0</subfield>
    <subfield code="7">0</subfield>
    <subfield code="a">TBS</subfield>
    <subfield code="b">TBS</subfield>
    <subfield code="d">2025-09-29</subfield>
    <subfield code="l">0</subfield>
    <subfield code="o">P-EN BLA</subfield>
    <subfield code="p">B06037</subfield>
    <subfield code="r">2025-09-29</subfield>
    <subfield code="t">1</subfield>
    <subfield code="w">2025-09-29</subfield>
    <subfield code="y">1</subfield>
  </datafield>
  <datafield tag="999" ind1=" " ind2=" ">
    <subfield code="c">4747</subfield>
    <subfield code="d">4747</subfield>
  </datafield>
</record>
